Canti andalusi e poesie /

Shranjeno v:
Bibliografske podrobnosti
Glavni avtor: García Lorca, Federico (Author)
Drugi avtorji: Rendina, Claudio
Format: Knjiga
Jezik:italijanščina
španščina
Izdano: Roma : Newton Compton, 1978
Serija:Paperbacks poeti ; 69
Oznake: Označite
Brez oznak, prvi označite!

MARC

LEADER 00000nam a22000007i 4500
001 IT\ICCU\LO1\0435829
003 ItRI
005 20260115232403.0
008 970722s1978 it |||||| ||||| |||||c
040 |b ita  |c importazione bologna sebina 
041 7 |a ita  |a spa  |2 ISO-639-2 
082 |a 861.62  |9 POESIA SPAGNOLA. 1900-1945  |2 19 
100 1 |a García Lorca, Federico  |0 IT\ICCU\CFIV\051848  |4 aut 
240 1 0 |a Canti andalusi e poesie  |3 IT\ICCU\PAL\0330498  |9 García Lorca, Federico 
245 1 0 |a Canti andalusi e poesie /  |c Federico Garcia Lorca ; a cura di Claudio Rendina. 
260 |a Roma :  |b Newton Compton,  |c 1978 
300 |a 127 p. ;  |c 19 cm 
500 |a Testo orig. a fronte. 
700 1 |a Rendina, Claudio  |0 IT\ICCU\CFIV\081407 
790 1 |a García Lorca, Fidrì  |3 IT\ICCU\CFIV\051850  |z García Lorca, Federico 
790 1 |a Lorca, Federico  |3 IT\ICCU\CFIV\121149  |z García Lorca, Federico 
790 1 |a Lorca, F. G.  |3 IT\ICCU\CFIV\262138  |z García Lorca, Federico 
790 1 |a Garcia Lorca, Frederico  |3 IT\ICCU\LO1V\555559  |z García Lorca, Federico 
830 0 |a Paperbacks poeti ;  |v 69  |0 IT\ICCU\CFI\0025819 
942 |2 ddc  |c BK  |n 0 
952 |0 0  |1 0  |4 0  |6 DOC_861_620000000000000_GAR  |7 0  |9 25232  |a BO  |b BO  |d 2026-01-15  |i 1078  |l 0  |o DOC 861.62 GAR  |p BO1078  |r 2026-01-15 23:24:03  |w 2026-01-15  |x [Sebina 5] [1 v.]  |y BK  |z 1 v. 
952 |0 0  |1 0  |4 0  |6 DOC_861_620000000000000_GAR  |7 0  |9 25233  |a BO  |b BO  |d 2026-01-15  |i 7761  |l 0  |o DOC 861.62 GAR  |p BO7761  |r 2026-01-15 23:24:03  |w 2026-01-15  |x [Sebina 5] [1 v.]  |y BK  |z 1 v. 
999 |c 21441  |d 21441